00604nam a2200181 i 450000100060000000300090000600500170001500700030003200800410003504000130007610000340008924501480012326000550027130000220032665000200034865000320036885200220040098912ES-MaACL20250725062536.0t|940202s1883 sp ||||1| spa d aAS bspa1 aEchegaray, José,d1832-191610aTeorías modernas de la física : bunidad de las fuerzas materiales : colección de artículos. nSegunda serie / cpor José Echegaray. aMadrid : bImp. y Librería de J. Gaspar, c1883. a238 p. ; c18 cm.07aFísica2embne04aDivulgación científica. aES-MaACLjG-13913